000 02157nab a2200289 i 4500
003 BR-BrBNA
005 20260327211840.0
008 260327b2019 bl.qr|pooa||| 00| 0 eng |
040 _aBR-BrBNA
_beng
072 _aP01
072 _aF40
100 _aElias, Guilherme Alves
100 _aGuislon, Aline Votri
100 _aGonçalves, Teresinha Maria
100 _aSantos, Robson dos
245 _aTraditional Use of Palms (Arecaceae) in the Atlantic Forest in Southern Santa Catarina, Brazil
500 _aPublicação on-line; Bibliography p. 7-9 (52 ref.); 1 table; 2 illus.; Summary (En)
520 _a ABSTRACT This study aimed to investigate the extraction process of palm species (Arecaceae) and their different forms of use by the population in the surroundings of the “Parque Estadual da Serra Furada” (PAESF), located in the south region of Santa Catarina state, as well as understand the perception of the interviewees about the park. The data were obtained through interviews with long-time residents of the area. The results were analyzed by content analysis. Four palm species were cited by the interviewees: Bactris setosa Mart., Euterpe edulis Mart., Geonoma gamiova Barb.Rodr., and Syagrus romanzoffiana (Cham.) Glassman. The most widespread uses of these palm species were for food and in construction. The leaves were the main part of the plant used, with emphasis to E. edulis. In general, the PAESF and its palms are important resources for the interviewees; however, today, knowledge remains mostly only in the memory of the residents. Keywords: Atlantic rainforest, biodiversity, conservation unit, ethnobotany, Euterpe edulis.
650 _aMATA ATLÂNTICA
650 _aBIODIVERSIDADE
650 _aETNOBOTÂNICA
650 _aEUTERPE EDULIS
773 0 _02929
_9347951
_dRio de Janeiro-RJ Instituto de Florestas - UFRRJ 1994
_o2025-0450
_tFloresta e Ambiente (Brazil)
_x1415-0980 / ISSN 2179-8087 0nline
_gv. 26(2) p. 1-9; (2019)
_wBR2026000207
856 _uhttps://www.scielo.br/j/floram/a/gdyMmRz57TCQmkNmX6HPkVf/?format=pdf&lang=en
942 _cANA
999 _c341125
_d341125